|
|
|
|
| LEADER |
00000naa a2200000uu 4500 |
| 001 |
vtls011085403 |
| 003 |
SK-MaSNL |
| 005 |
20260302105157.0 |
| 008 |
220810|1995 xo |||||||||||||||||cze| |
| 015 |
|
|
|a SNBRA
|
| 035 |
|
|
|a (urnnbn)urn:nbn:sk:snk:ar-a0clzg
|
| 035 |
|
|
|a (uuid)6dbfbaef-9914-459e-82bb-ef0fe25a12df
|
| 035 |
|
|
|a urn:nbn:sk:snk-aavrv8
|
| 040 |
|
|
|a SNKBUCL
|b slo
|c SNKBUCL
|e AACR2
|
| 041 |
0 |
|
|a cze
|
| 044 |
|
|
|a xo
|c SK
|
| 100 |
1 |
|
|a Vysoudil, Miroslav
|4 aut
|9 473973
|
| 245 |
1 |
0 |
|a Možnosti a perspektivy topoklimatického mapování s využitím moderních metod geografického výzkumu
|c Miroslav Vysoudil
|
| 773 |
0 |
|
|t Vybrané problémy súčasnej geografie a príbuzných disciplín
|d Bratislava : KARTPRINT ; Bratislava : Univerzita Komenského [vyd.], 1995
|g S. [133]-140
|z 8096723472
|
| 954 |
|
|
|a odborná, vedecká literatúra cudzojazyčná (svetová)
|2 lita
|
| 958 |
|
|
|a OND
|
| 958 |
|
|
|a article12
|
| 958 |
|
|
|a chapter
|
| 999 |
|
|
|c 1237681
|d 1239611
|